000 01290nam a2200361 i 4500
001 000038835
003 DO-SdBNP
005 20250808101553.0
007 ta
008 130426s1985 dr 000 0 spa d
040 _aDO-SdBNP
_bspa
_cBNPHU
_erda
041 _aspa
082 4 _aRD865.97293
_bJ82d
_222
100 1 _aJorge Blanco, Salvador,
_d1926-2010
_eautor
_4aut.
_930551
245 1 0 _aDiscursos presidenciales /
_cSalvador Jorge Blanco.
264 4 _aSanto Domingo :
_bPublicaciones ONAP,
_c©1985.
300 _avolumenes ;
_c20 cm.
336 _atexto
_btxt
_2rdacontent
337 _asin mediación
_bn
_2rdamedia
338 _avolumen
_bnc
_2rdacarrier
490 1 _aColección Estudios políticos
_v2
490 1 _aColecciones ONAP
500 _aIncluye datos biográficos del autor en las solapas
500 _a
590 _aInventariado, 2020/VM
650 4 _aDiscursos presidenciales
_zRepública Dominicana
_930670
650 4 _aAdministración
_zRepública Dominicana
_917050
651 7 _aRepública Dominicana
_xPolítica y gobierno
_y1961
_9204
710 1 _aRepública Dominicana.
_bOficina Nacional de Administración y Personal
_926398
830 0 _aColección Estudios políticos
_n2
_965123
_pColecciones ONAP
942 _2ddc
_cLBS1
956 _aVMateo
999 _c38325
_d38325